00406nam a22001337a 4500020001500000082001600015100001900031245001300050260004400063300000800107490001400115520013000129650001300259 a9820105781 a613.286 SOT aSotheeswaran,S aVitamins aFijibUniversity of South Pacificc2004 a65p aMonograph aMilk is an excellent food for young children.It is rich in vitamin B1,B2 and B12. Young children hould drink only whole milk. avitamins